| 000 | 02962cgm a2200649Ma 4500 | ||
|---|---|---|---|
| 001 | on1003852189 | ||
| 003 | OCoLC | ||
| 005 | 20231221123250.0 | ||
| 007 | vd cvaizq | ||
| 008 | 170106s2017 cau066 j vleng d | ||
| 024 | 1 | _a024543340218 | |
| 028 | 4 | 2 | _a11791407 |
| 028 | 4 | 2 |
_a2335392 _bTwentieth Century Fox Home Entertainment |
| 035 |
_a(OCoLC)1003852189 _z(OCoLC)1000365161 |
||
| 037 |
_bMidwest Tape _nhttp://www.midwesttapes.com |
||
| 040 |
_aBYV _beng _cBYV _dBYV _dWT2 _dOCLCF _dOCLCO _dOCLCQ _dOCLCO _dOCLCA _dWACOL _e |
||
| 049 | _aWACL | ||
| 050 | 4 |
_aPN1997.2 _b.P5 2017 |
|
| 082 | 0 | 4 |
_a791.45/75 _223 |
| 092 |
_aDVD _bPJ M |
||
| 245 | 0 | 0 | _aPJ masks : Let's go PJ masks |
| 246 | 3 | 0 | _aLet's go PJ Masks |
| 264 | 1 |
_aLos Angeles, CA : _bTwentieth Century Fox Home Entertainment, _c[2017] |
|
| 300 |
_a1 videodisc (66 min.) : _bsound, color ; _c4 3/4 in. |
||
| 336 | _atwo-dimensional moving image | ||
| 337 | _avideo | ||
| 338 | _avideodisc | ||
| 500 | _aTitle from sell sheet. | ||
| 500 | _aOriginally broadcast as single episodes of a television program. | ||
| 500 | _aWidescreen (2.40:1). | ||
| 500 | _aSpecial features: Let's go PG Masks! music video. | ||
| 505 | 0 | 0 |
_tBeat the drum, Catboy -- _tGekko's super Gekko sense -- _tCatboy squared -- _tOwlette's new move -- _tCatboy and the shrinker -- _tGekko & the snore-a-saurus. |
| 520 | _aJoin Catboy, Owlette and Gekko on their nighttime missions, into the night to save the day. It's up to Catboy, the real parade leader, to save the day from Night Ninja. But he doesn't think he can lead the Ninjalinos without his drum. Luna Girl turns a sleepwalking Cameron into her very own human puppet. It2s up to the PJ Masks to save the day, but Gekko has to stop messing around first. | ||
| 521 |
_aChildren's DVD _bAmazon |
||
| 538 | _aDVD, widescreen (2.40:1); Dolby digital 2.0. | ||
| 546 | _aEnglish audio. | ||
| 546 | _aClosed-captioned. | ||
| 650 | 0 |
_aHeroes _vJuvenile films. _95703859 |
|
| 650 | 0 |
_aMasks _vJuvenile films. _96434450 |
|
| 650 | 1 |
_aHeroes _vDrama. _95708948 |
|
| 650 | 1 |
_aMasks _vDrama. _96394955 |
|
| 650 | 7 |
_aHeroes. _2fast _95997855 |
|
| 650 | 7 |
_aMasks. _2fast _95997856 |
|
| 655 | 4 |
_aChildren's. _95997857 |
|
| 655 | 7 |
_aAnimated television programs. _2fast _95997858 |
|
| 655 | 7 |
_aChildren's films. _2fast _95997859 |
|
| 655 | 7 |
_aChildren's television programs. _2fast _95674316 |
|
| 655 | 7 |
_aJuvenile works. _2fast _95673941 |
|
| 655 | 7 |
_aTelevision series. _2fast _95674288 |
|
| 655 | 7 |
_aTelevision series. _2lcgft _95674288 |
|
| 655 | 7 |
_aChildren's television programs. _2lcgft _95674316 |
|
| 655 | 7 |
_aAnimated television programs. _2lcgft _95997858 |
|
| 710 | 2 |
_aTwentieth Century-Fox Film Corporation, _epublisher. _95758 |
|
| 856 | 4 |
_3View cover art _uhttp://midwesttapes.com/images/movies/000/000/000/011/791/000000000011791407.jpg |
|
| 942 |
_cDVD _2ddc |
||
| 948 |
_a02/13/2019 _b02/13/2019 _zSirsi |
||
| 999 |
_c317907 _d317906 |
||